000
00205nam a2200085Ia 4500
008
170617s9999 xx 000 0 und d
100
_a
JAIN-N.K.
245
0
_a
PHARMACEUTICALPRODUCT DEVLOPMENT
260
_b
N. DELHI- CBS
260
_c
2011
999
_c
15919
_d
15919